LEADER 01166nam0 2200301 i 450 001 VAN0002904 005 20111031103242.59 010 $a88-13-19288-6 020 $aIT$b96 3756 100 $a20020704d1995 |0itac50 ba 101 $aita 102 $aIT 105 $a|||| ||||| 200 1 $aˆIl ‰sequestro di persona a scopo di estorsione$fDavid Brunelli 205 $aPadova : CEDAM$b1995 210 $aXI$d419 p. ; 24 cm 215 $aIn appendice: Le disposizioni normative. 606 $aSequestro di persona$3VANC002069$2FI 620 $dPadova$3VANL000007 676 $a345.450254$v21 700 1$aBrunelli$bDavid$3VANV002981$0542068 712 $aCEDAM $3VANV111515$4650 801 $aIT$bSOL$c20230616$gRICA 912 $aVAN0002904 950 $aBIBLIOTECA DEL DIPARTIMENTO DI GIURISPRUDENZA$d00CONS XIV.Eb.2 $e00 12108 20020704 950 $aBIBLIOTECA DEL DIPARTIMENTO DI GIURISPRUDENZA$d00CONS XIV.Eb.100 $e00 14187 20020708 996 $aSequestro di persona a scopo di estorsione$9889499 997 $aUNICAMPANIA LEADER 00774cam2 22002531 450 001 SOBE00080174 005 20240503083830.0 100 $a20240503d1981 |||||ita|0103 ba 101 $aita 102 $aIT 200 0 $a2$fAngelo Dus 210 $aTorino$cUTET$dc1981 215 $aP. 500-986$d25 cm 461 1$1001E600200029899$12001 $a<>imposta sul valore aggiunto / Angelo Dus 700 1$aDus$b, Angelo$3A600200043696$4070$0239582 801 0$aIT$bUNISOB$c20240503$gRICA 850 $aUNISOB 852 $aUNISOB$j340$m123449 912 $aSOBE00080174 940 $aM 102 Monografia moderna SBN 941 $aW 957 $a340$b005940$i-2$gSI$d123449$1rovito$2UNISOB$3UNISOB$420240503083801.0$520240503083830.0$6rovito 996 $a2$94164975 997 $aUNISOB